000 00685nam a2200289Ia 4500
005 20260324134402.0
008 008 260324s9999 xx 000 0 eng d
020 _a9781351311687
037 _aEBOOK
040 _aCRL
040 _beng
040 _cCRL
041 _2eng
041 _aeng
084 _qCRL
100 _aPaul Thompson
_91070466
245 0 _aEnvironmental Justice
245 0 _bInternational Discourses in Political Economy
260 _bTaylor and Francis
260 _c2002
365 _a
365 _b230
856 _uhttp://www.taylorfrancis.com/books/9781351311687
942 _cEBOOK
999 _c1796659
_d1796659